00718nam a22002295a 450000500170000000800410001701000140005802000260007203500130009803700130011104000080012408200110013210000280014324500700017125000060024126000380024727000610028530000220034650000500036865000370041865000330045520080522115808.0080520s2008 nyu 000 0 eng  aENG-95825 a9788174533302c250.00 aEN-79358 bDBAD/PUB aDPL a781.17 aBhattacharya, Debashree aCondemnation and appreciation of arts/cby Dabashree Bhattacharya a. aNew DelhibSanjay Prakashanc2009 a4378/4 D, 209 JMD Housea, Ansari RoadbNew Delhie110002 a83p.c22 cm. (Hb) aIncludes bibliographical references and index aMusicxPhilosophy and aesthetics aMusicxPsychological aspects